000 00572nam a2200181Ia 4500
008 090124s9999 xx 000 0 und d
082 _b20476
_a2358
100 _aपेंडसे श्रीकांत
245 _a गुलाबाची फुलें
250 _a1
260 _c1974
300 _a153
600 _aपेंडसे श्रीकांत
630 _a गुलाबाची फुलें
700 _aपेंडसे श्रीकांत
730 _a गुलाबाची फुलें
942 _cBOOK
999 _c134281
_d134281